Nobility under the Sultans of Delhi, A.D. (1206-1398) / (Record no. 25809)
[ view plain ]
| 000 -LEADER | |
|---|---|
| fixed length control field | 00743nam a22002412a 4500 |
| 001 - CONTROL NUMBER | |
| control field | 25809 |
| 003 - CONTROL NUMBER IDENTIFIER | |
| rucl marc code | BD-RjUL |
| 005 - DATE AND TIME OF LATEST TRANSACTION | |
| control field | 20211209050930.0 |
| 008 - FIXED-LENGTH DATA ELEMENTS--GENERAL INFORMATION | |
| fixed length control field | 140319t1968 ii b 001 0 eng d |
| 035 ## - SYSTEM CONTROL NUMBER | |
| System control number | (BD-RjUL)25879 |
| 040 ## - CATALOGING SOURCE | |
| Original cataloging agency | DLC |
| Transcribing agency | DLC |
| Modifying agency | EQO |
| -- | BD-RjUL |
| Language of cataloging | eng |
| 041 ## - LANGUAGE CODE | |
| Language code of text/sound track or separate title | eng |
| 082 04 - DEWEY DECIMAL CLASSIFICATION NUMBER | |
| Classification number | 954.02 |
| Author mark and year | NIN 1968 |
| 100 1# - MAIN ENTRY--PERSONAL NAME | |
| Personal name | Nigam, S. B. P. |
| Fuller form of name | (Shiva Bindeshwari Prasad) |
| 9 (RLIN) | 79294 |
| 245 10 - TITLE STATEMENT | |
| Title | Nobility under the Sultans of Delhi, A.D. (1206-1398) / |
| Statement of responsibility, etc. | [by] S. B. P. Nigam |
| 260 ## - PUBLICATION, DISTRIBUTION, ETC. (IMPRINT) | |
| Place of publication, distribution, etc. | Delhi : |
| Name of publisher, distributor, etc. | Munshiram Manoharlal, |
| Date of publication, distribution, etc. | 1968. |
| 300 ## - PHYSICAL DESCRIPTION | |
| Pagination | xv, 223 p. ; |
| Size | 22 cm |
| 504 ## - BIBLIOGRAPHY, ETC. NOTE | |
| Bibliography, etc | Includes index. |
| 650 #0 - SUBJECT ADDED ENTRY--TOPICAL TERM | |
| Topical term or geographic name as entry element | Nobility |
| Geographic subdivision | India |
| 9 (RLIN) | 79295 |
| 651 #0 - SUBJECT ADDED ENTRY--GEOGRAPHIC NAME | |
| Geographic name | Delhi (Sultanate) |
| General subdivision | Politics and government |
| 9 (RLIN) | 79296 |
| 942 ## - ADDED ENTRY ELEMENTS (KOHA) | |
| Source of classification or shelving scheme | Dewey Decimal Classification |
| Koha item type | Books |
| Lost status | Source of classification or shelving scheme | Damaged status | Not for loan | Collection code | Permanent Location | Current Location | Shelving location | Date acquired | Source of acquisition | Total Checkouts | Full call number | Date last seen | Copy number | Koha item type |
|---|---|---|---|---|---|---|---|---|---|---|---|---|---|---|
| Dewey Decimal Classification | Added to bundle | Non-fiction | Central Library, University of Rajshahi | Central Library, University of Rajshahi | Reading Room | 02/07/1974 | India Govt. gift | 954.02 NIN 1968 | 19/03/2014 | C-1 | Books |